000 00555nam a2200217Ia 4500
003 OSt
005 20230427105718.0
008 210423s1994 xx 000 0 und d
020 _a812063343
040 _cAL
041 _aeng
082 _a581 KINC
100 _aKINCAID (C A).
_993795
245 _aTale of the tulsi plant and other studies.
260 _aNew Delhi
_bButterworth Heinemann
_c1994
300 _aviii,177
_bPB
365 _cINR
650 _aBotany
_993796
906 _aother ; plant ; studies ; Tale ; tulsi
942 _2ddc
_cBK
999 _c162759
_d162759